Top 50 Most Attractive British Accents - Statistics

General Stats
  • This quiz has been taken 99 times
  • The average score is 16 of 50
Answer Stats
Country Accent % Correct
England Cockney
85%
Northern Ireland Northern Irish
83%
England Scouse
81%
England Brummie
77%
England Mancunian
71%
England Estuary
69%
Scotland Edinburgh
68%
England London (MLE)
65%
Wales South Welsh Valleys
65%
England Queen's English (RP)
64%
England Yorkshire
64%
England Geordie
63%
England Bristolian
45%
England Essex
44%
England Kent
44%
Wales Cardiff
39%
England Cornish
36%
Scotland Glaswegian
36%
England Devon
35%
Self-Governing Dependency Manx
33%
England Sheffield
33%
England Leeds
32%
England Norfolk
31%
England Nottingham
29%
England Leicester
28%
England West Country
28%
England Bolton
27%
England Hull City
25%
Scotland Highlands
24%
England Lancashire
24%
England Preston
24%
England Surrey
19%
England Somerset
17%
England Cumbrian
15%
England Sunderland
15%
England Northumberland
13%
England Stoke-on-Trent
13%
England Wolverhampton
13%
England Bradford
12%
England Hampshire
12%
England Norwich
12%
England Durham
9%
England Cheshire
8%
England Middlesbrough
7%
England Gloucestershire
4%
England East Anglian
3%
Scotland Hebridean
1%
England Coverntry
0%
England Crawley
0%
England Salford
0%
No matching quizzes found
Score Distribution
Percent of People with Each Score
Percentile by Number Answered
Your Score History
You have not taken this quiz